Statistics for Element Symbol by letter "M"

Click here to take the quiz!

General Stats

  • This quiz has been taken 21 times
  • The average score is 4 of 6

Answer Stats

HintAnswer% Correct
MgMagnesium
100%
MnManganese
75%
MoMolybdenum
75%
MtMeitnerium
63%
MdMendelevium
50%
McMoscovium
50%

Score Distribution

Percentile by Number Answered

Percent of People with Each Score

Your Score History

You have not taken this quiz